000 00696nam a2200241Ia 4500
003 OSt
005 20221006143034.0
006 a|||||r|||| 00| 0
007 ta
008 221006b |||||||| |||| 00| 0 eng d
020 _c1999.00
024 _a7,872
037 _cTextual
040 _aEASL
_cEASL
_beng
041 _2eng
_aeng
082 _aHZ551.42.N93, N4
100 _aALLEN Matthew
_9616106
245 0 _aUndermining the Japanese miracle
_b Work and conflict in a coalmining community
260 _aCambridge
_bCambridge University Press
_c1994
300 _a290p.
_ccm.
942 _hHZ551.42.N93, N4
_cTEXL
_2CC
999 _c1075958
_d1075958